=LDR 00000nam 2200000 4500 =001 INLIS000000000015272 =005 20130612110543 =008 ***********************************Ind** =035 ##$$0010-061300000015272 =041 ##$$a Ind =082 ##$$a 632.951 =090 ##$$a 632.951, Sud-m =100 ##$$a Sudarmo, Subiyakso =245 ##$$a Mengenal Serangga Hama Kapas dan Pengendaliannya, Subiyakso Sudarmo =260 ##$$a 1987 $b Medan =300 ##$$a 97 hlm, Ilus, 21 cm =650 ##$$a Hama-Kapas =850 ##$$a NBPNMAT